00504cam a2200193 a 4500001000800000005001700008008004100025010001700066020002500083020003100108040001800139041000800157080001800165082002200183100000700205101000800212245006200220504002800282338253420180123044710.0880406s1988 cau b 000 0 eng  a 88014016  a0803933649 :c$12.50 a0803933657 (pbk.) :c$6.00 aDLCcDLCdDLC aeng a305.23072 FIN00a305.23072 FIN2191 a50 aSOC10aKnowing children :cGary Alan Fine and Kent L. Sandstrom. aBibliography: p. 79-84.